000 01976nam a2200421 4500
003 EC-UNACH
005 20250519132845.0
006 s||||gr|||| 00| 00
008 150116t9999 mx r gr 000 0 spa d
020 _aNo especifica el libro
040 _aEC-UNACH
_cEC-UNACH
041 _aspa
082 0 4 _223
_a300
_bL017713
110 _aCentro Andino de Acción Popular (CAAP)
245 _aEcuador Debate N°32. Discurso politico y elecciones
250 _aPrimera Edición
264 _aQuito - Ecuador
_bCAAP
_c1994
300 _a172 páginas
_bCuadros
_c20,5 X 14,5 cm
505 _aEditorial.- -- Coyuntura.- Ecuador: La coyuntura de 1993 y Perspectivas para 1994 -- Tema Central.- Ecos y Escenarios de la Coyuntura Internacional. AMËRICA Latina en el Escenario Mundial de los años 90. Tendencias de la Economía Internacional y Elementos para una Estrategia de Comercio Exterior. América Latina en la Economía Mundial. Los pequeños países de América Latina en la Hora Neoliberal. El Nuevo Escenario. -- Publicaciones Recibidas.- -- Debate Agrario.- Preguntas Actuales para la Educación Agropecuaria y los Recursos Naturales. Situación Actual y Perspectivas de la Economía Campesina. -- Análisis.- Gobernabilidad Sin Gobiernos: El Laberinto del 93. La Unidad de Valor Constante. -- Crítica Bibliográfica.- Derecho, Pueblos Indígenas y Reforma del Estado.
650 _aPUEBLOS INDÍGENAS
650 _aECONOMÍA CAMPESINA
650 _aAMÉRICA LATINA
650 _aCOYUNTURA INTERNACIONAL
650 _aRECURSOSO NATURALES
700 _aJose Sanchez
700 _aParga Alberto Acosta
700 _aJose Laso Rivadeneira
700 _aSimon Espinosa
700 _aDiego cornejo
710 _aCAAP
942 _2ddc
_c1
999 _c13487